000 00752nam a22001937a 4500
999 _c58159
_d58159
005 20210713122931.0
008 210709s2021 ge ||||| |||| 00| 0 eng d
020 _a9789941494154
041 _aeng
080 _a94(479.22) K-97
100 _aKvesitadze, Giorgi
_912224
245 _aScience of Georgia :
_bOn the 80th anniversary of the Academy of Sciences /
_cGiorgi Kvesitadze, Roin Metreveli;
264 _aTbilisi,
_c2021.
300 _a91 p. ;
_bill.;
_c23 cm.
653 _aსაქართველოს მეცნიერების აკადემიის 80 წლის იუბილე
700 _aMetrteveli, Roin
_eავტორი
_912225
710 _aGeorgian National Academy of Sciences
_92547
942 _2udc
_cBK